| 000 | 00562nam a2200217Ia 4500 | ||
|---|---|---|---|
| 999 |
_c5239 _d5239 |
||
| 003 | 0100 | ||
| 008 | 130227s9999 xx 000 0 und d | ||
| 020 | _a9781431401116 | ||
| 040 | _cARRUPELIB | ||
| 050 | _aDT2996.S121 2011 | ||
| 100 |
_aSachikonye, Lloyd _931977 |
||
| 245 | _aWhen a state turns on its citizens | ||
| 245 | _b60 years of institutionalised violence in Zimbabwe | ||
| 260 |
_bJacana Media _aAuckland Park, South Africa _c2011 |
||
| 300 | _axxii | ||
| 300 | _b 121p 21cm | ||
| 650 |
_bZimbabwe _xPolitics _y1980- _917606 |
||
| 650 |
_bViolence _zZimbabwe _922681 |
||
| 942 |
_2lcc _05 _cMONOGRAPH |
||